Estadísticas para Ciudades más pobladas de Rusia

Haz click aquí para intentar la prueba.

Estadísticas generales

  • Esta prueba ha sido intentada 89 veces
  • La puntuación promedio es 8 de 15

Estadísticas de respuestas

PoblaciónCiudad% Correcto
12.381.000Moscú
100%
5.282.000San Petersburgo
98%
1.456.000Ekaterimburgo
66%
1.232.000Kazán
60%
1.016.000Volgogrado
60%
1.170.000Samara
55%
1.603.000Novosibirsk
53%
1.267.000Nizhni Nóvgorod
51%
1.178.000Omsk
49%
1.120.000Rostov del Don
43%
1.042.000Perm
36%
1.126.000Ufá
36%
1.199.000Cheliábinsk
30%
1.084.000Krasnoyarsk
28%
1.032.000Vorónezh
21%

Distribución de puntuación

Porcentaje por número respondido

Porcentaje de gente con cada puntuación

Historial de tus puntuaciones

No has intentado esta prueba.